| 000 | 00495nam a22001577a 4500 | ||
|---|---|---|---|
| 005 | 20130711111809.0 | ||
| 010 | _aENG-107940 | ||
| 020 |
_c295.00 _a9788180388569 |
||
| 035 | _aEN-91473 | ||
| 037 | _bDBAD/PUB | ||
| 245 | 0 | 0 |
_aShort notes and multiple choice questions : _bthe Indian contract act 9 of 1872 / |
| 260 |
_aGurgaon _bLexis Nexis _c2013 |
||
| 270 |
_a14th Floor, Bldg. No.10, Tower-B, DLF Cyber City, Phase-II _bGurgaon _e122002 |
||
| 300 |
_av,234p. _c24cm(pbk) |
||
| 942 |
_2ddc _cEN _mSHO |
||
| 999 |
_c77382 _d77382 |
||